[Event "Plzen A2 12th"]
[Site "Plzen"]
[Date "2024.02.18"]
[Round "2"]
[White "Meers, Hubert"]
[Black "Rasmussen, Casper"]
[Result "1-0"]
[WhiteElo "2270"]
[BlackElo "2239"]
[PlyCount "107"]
[EventDate "2024.02.17"]
[EventType "tourn"]
[EventRounds "9"]
[EventCountry "CZE"]
[EventCategory "1"]
[SourceTitle "CB09_2024"]
[SourceDate "2024.02.28"]
[SourceVersion "1"]
[SourceVersionDate "2024.02.28"]
[SourceQuality "1"]

1. e4 e5 2. Nf3 Nf6 3. Nc3 Nc6 4. d4 exd4 5. Nxd4 Bb4 6. Nxc6 bxc6 7. Bd3 d5 8. exd5 cxd5 9. 0-0 0-0 10. Bg5 c6 11. Qf3 h6 12. Bh4 Rb8 13. h3 Bd6 14. b3 Rb4 15. Bg3 Bxg3 16. Qxg3 Nh5 17. Qe5 Nf4 18. Rfe1 Bxh3 19. gxh3 Nxh3+ 20. Kf1 Rf4 21. Re3 Qh4 22. Ke2 Qxf2+ 23. Kd1 d4 24. Rxh3 dxc3 25. Qe3 Qg2 26. Rg3 Qh1+ 27. Qg1 Qh5+ 28. Kc1 Qe5 29. a4 a5 30. Kb1 Rb8 31. Re3 Qd4 32. Qe1 g6 33. Re8+ Rxe8 34. Qxe8+ Kg7 35. Qxc6 h5 36. Ka2 Rf2 37. Rf1 Rxf1 38. Bxf1 Qd2 39. Bd3 h4 40. b4 axb4 41. Kb3 h3 42. Kxb4 h2 43. Be4 f5 44. Bh1 Qd4+ 45. Kb3 Kh6 46. a5 Qg1 47. a6 Qa1 48. Kc4 f4 49. Qb7 Qf1+ 50. Kxc3 Qa1+ 51. Kc4 Qa2+ 52. Kd3 Qa3+ 53. c3 Qc1 54. a7 1-0

[Event "POL-ch U20"]
[Site "Chotowa"]
[Date "2023.10.25"]
[Round "3"]
[White "Meers, Hubert"]
[Black "Ugorek, Kacper"]
[Result "1/2-1/2"]
[WhiteElo "2256"]
[BlackElo "1999"]
[PlyCount "60"]
[EventDate "2023.10.24"]
[EventType "swiss"]
[EventRounds "9"]
[EventCountry "POL"]
[SourceTitle "Mega2024 Update 01"]
[Source "Chessbase"]
[SourceDate "2023.11.12"]
[SourceVersion "1"]
[SourceVersionDate "2023.11.12"]
[SourceQuality "1"]

1. d4 Nf6 2. Bg5 e6 3. e4 h6 4. Bxf6 Qxf6 5. Nf3 d5 6. Nbd2 Nd7 7. Bd3 Qd8 8. 0-0 Be7 9. Qe2 0-0 10. Rfe1 dxe4 11. Nxe4 Nf6 12. c4 Bd7 13. Ne5 g6 14. Rad1 Be8 15. Qf3 c6 16. Re3 Kg7 17. Bb1 Qc7 18. Nxf6 Bxf6 19. Qe4 Rd8 20. f4 c5 21. d5 exd5 22. cxd5 b6 23. Kh1 Kg8 24. Red3 Rd6 25. f5 Bxe5 26. Qxe5 f6 27. Qe4 g5 28. Re3 Bf7 29. Qf3 Rfd8 30. Be4 Kg7 1/2-1/2

[Event "POL-ch U20"]
[Site "Chotowa"]
[Date "2023.10.24"]
[Round "1"]
[White "Meers, Hubert"]
[Black "Marciniak, Leonard"]
[Result "1-0"]
[WhiteElo "2256"]
[BlackElo "1856"]
[PlyCount "67"]
[EventDate "2023.10.24"]
[EventType "swiss"]
[EventRounds "9"]
[EventCountry "POL"]
[SourceTitle "Mega2024 Update 01"]
[Source "Chessbase"]
[SourceDate "2023.11.12"]
[SourceVersion "1"]
[SourceVersionDate "2023.11.12"]
[SourceQuality "1"]

1. b3 d5 2. Bb2 Nf6 3. Nf3 c5 4. d3 Nc6 5. Nbd2 d4 6. g3 e5 7. Bg2 Bd6 8. 0-0 0-0 9. Ng5 Bd7 10. c3 h6 11. Nge4 Nxe4 12. Nxe4 Qe7 13. e3 dxe3 14. fxe3 f5 15. Nxd6 Qxd6 16. Qe2 Rad8 17. Rad1 Be6 18. Ba3 b5 19. d4 b4 20. cxb4 Nxb4 21. Qb5 a6 22. Qxc5 Qxc5 23. dxc5 Rxd1 24. Rxd1 Nxa2 25. Rd6 Bxb3 26. Rb6 Bc4 27. c6 Rc8 28. Bd6 e4 29. c7 Nc3 30. Rb8 Be6 31. Bf1 Nb5 32. Bc4 Bxc4 33. Rxc8+ Kh7 34. Rh8+ 1-0

[Event "Katowice POL-HUN 10th"]
[Site "Katowice"]
[Date "2023.09.09"]
[Round "3"]
[White "Meers, Hubert"]
[Black "Jakubowski, Krzysztof"]
[Result "1-0"]
[WhiteElo "2256"]
[BlackElo "2469"]
[PlyCount "81"]
[EventDate "2023.09.09"]
[EventType "swiss (rapid)"]
[EventRounds "9"]
[EventCountry "POL"]
[SourceTitle "EXT 2024"]
[Source "ChessBase"]
[SourceDate "2023.10.10"]
[SourceVersion "1"]
[SourceVersionDate "2023.10.10"]
[SourceQuality "1"]

1. e4 c5 2. Nf3 d6 3. Bb5+ Nd7 4. d4 cxd4 5. Nxd4 a6 6. Bd3 Ngf6 7. c4 b6 8. 0-0 Bb7 9. Nc3 e6 10. f3 Be7 11. Be3 h5 12. Qd2 h4 13. Rac1 Ne5 14. Rfd1 h3 15. g3 Nxd3 16. Qxd3 Nd7 17. Qe2 Rc8 18. b3 g5 19. Nc2 Qc7 20. Bd4 Rh6 21. Ne3 Qb8 22. Ng4 Rh7 23. Re1 Ba8 24. Nd5 b5 25. Nxe7 Kxe7 26. cxb5 Rxc1 27. Rxc1 axb5 28. Qb2 e5 29. Bf2 f5 30. exf5 Bxf3 31. Ne3 Rh8 32. Qd2 Rc8 33. Ng4 Nf6 34. Rxc8 Qxc8 35. Nxf6 Kxf6 36. Qxd6+ Kxf5 37. Qd3+ e4 38. Qd2 Qc6 39. Be3 Kg4 40. Bxg5 Bg2 41. Qf4+ 1-0

[Event "POL-ch Blitz U18"]
[Site "Bydgoszcz"]
[Date "2023.08.31"]
[Round "2"]
[White "Meers, Hubert"]
[Black "Bartoszczuk, Adam"]
[Result "1-0"]
[WhiteElo "2223"]
[BlackElo "1615"]
[PlyCount "98"]
[EventDate "2023.08.28"]
[EventType "swiss"]
[EventRounds "10"]
[EventCountry "POL"]
[SourceTitle "EXT 2024"]
[Source "ChessBase"]
[SourceDate "2023.10.10"]
[SourceVersion "1"]
[SourceVersionDate "2023.10.10"]
[SourceQuality "1"]

1. e4 c5 2. Nf3 e6 3. b3 Nc6 4. Bb2 Nf6 5. Nc3 d6 6. Be2 Be7 7. 0-0 0-0 8. d4 cxd4 9. Nxd4 a6 10. Bf3 Ne5 11. Be2 Qc7 12. f4 Nc6 13. Kh1 Rd8 14. Bf3 Bd7 15. Qd2 Nxd4 16. Qxd4 Bc6 17. Rad1 b5 18. g4 Qa7 19. g5 Qxd4 20. Rxd4 Nd7 21. f5 exf5 22. exf5 Bxf3+ 23. Rxf3 Bxg5 24. Rxd6 Ne5 25. Rxd8+ Rxd8 26. Rg3 Bf6 27. Ne4 Rd1+ 28. Kg2 Kf8 29. Nxf6 gxf6 30. Ba3+ Ke8 31. Bb4 Nc6 32. Bc3 Rc1 33. Re3+ Kd7 34. Re2 Ne5 35. h3 h6 36. a4 bxa4 37. bxa4 Kc6 38. Kg3 h5 39. Bxe5 fxe5 40. Rxe5 Rxc2 41. Re4 f6 42. Kh4 Kd5 43. Rb4 Rh2 44. Kxh5 Rxh3+ 45. Kg6 Ra3 46. Kxf6 Kc5 47. Rg4 Re3 48. Kg7 a5 49. f6 Kd6 1-0

[Event "POL-ch Blitz U18"]
[Site "Bydgoszcz"]
[Date "2023.08.31"]
[Round "4"]
[White "Meers, Hubert"]
[Black "Kejna, Piotr"]
[Result "0-1"]
[WhiteElo "2223"]
[BlackElo "2235"]
[PlyCount "104"]
[EventDate "2023.08.28"]
[EventType "swiss"]
[EventRounds "10"]
[EventCountry "POL"]
[SourceTitle "EXT 2024"]
[Source "ChessBase"]
[SourceDate "2023.10.10"]
[SourceVersion "1"]
[SourceVersionDate "2023.10.10"]
[SourceQuality "1"]

1. e4 e6 2. Qe2 d5 3. exd5 Qxd5 4. Nc3 Qd8 5. Nf3 Nf6 6. d4 Be7 7. Bf4 0-0 8. 0-0-0 a6 9. Ne4 Nd5 10. Bg3 f5 11. Nc5 f4 12. Nxe6 Bxe6 13. Qxe6+ Kh8 14. Ne5 Bg5 15. Nf7+ Rxf7 16. Qxf7 fxg3+ 17. Kb1 gxf2 18. Qxf2 Nc6 19. Bd3 Ne3 20. Rde1 Qxd4 21. h4 Bh6 22. Qf7 Ne5 23. Qb3 Nxd3 24. cxd3 Rd8 25. Rhg1 Qxd3+ 26. Qxd3 Rxd3 27. g4 Bf4 28. Rgf1 Bd6 29. Rf3 Bc5 30. b4 Bxb4 31. Rexe3 Rd8 32. Rf7 Bd6 33. Ref3 Kg8 34. g5 g6 35. R7f6 Rd7 36. Re6 Kg7 37. Re8 b6 38. Kc2 c5 39. Ra8 a5 40. Rb3 Rb7 41. Rxa5 Bc7 42. Rxc5 Ra7 43. Rd5 Rxa2+ 44. Rb2 Rxb2+ 45. Kxb2 Bg3 46. Rd7+ Kg8 47. Rd4 Be5 48. Kc3 Bxd4+ 49. Kxd4 Kf7 50. Kc4 Ke6 51. Kb5 Kf5 52. Kxb6 Kg4 0-1

[Event "POL-ch Rapid U18"]
[Site "Bydgoszcz"]
[Date "2023.08.29"]
[Round "1"]
[White "Meers, Hubert"]
[Black "Nguyen Doan, Quoc Anh"]
[Result "1-0"]
[WhiteElo "2079"]
[BlackElo "1492"]
[PlyCount "73"]
[EventDate "2023.08.28"]
[EventType "swiss"]
[EventRounds "11"]
[EventCountry "POL"]
[SourceTitle "EXT 2024"]
[Source "ChessBase"]
[SourceDate "2023.10.10"]
[SourceVersion "1"]
[SourceVersionDate "2023.10.10"]
[SourceQuality "1"]

1. e4 c5 2. Nf3 d6 3. Bb5+ Nd7 4. d4 cxd4 5. Nxd4 Ngf6 6. 0-0 e6 7. Bd3 Be7 8. c4 Nc5 9. Nc3 0-0 10. Be3 d5 11. e5 Nfd7 12. f4 Nxd3 13. Qxd3 Nc5 14. Qe2 dxc4 15. Qxc4 a6 16. a4 Bd7 17. a5 Rc8 18. Qe2 Bc6 19. f5 exf5 20. Nxf5 Qc7 21. Bh6 Ne6 22. Bxg7 Nxg7 23. Qg4 Qxe5 24. Nh6+ Kh8 25. Nxf7+ Rxf7 26. Qxc8+ Ne8 27. Rxf7 Bc5+ 28. Kh1 Qg5 29. Qh3 Qg6 30. Raf1 Kg8 31. R7f4 Kh8 32. Ne2 Bd6 33. Rg4 Bd7 34. Rxg6 Bxh3 35. Rxd6 Bxg2+ 36. Kxg2 Nxd6 37. b4 1-0

[Event "POL-ch Rapid U18"]
[Site "Bydgoszcz"]
[Date "2023.08.29"]
[Round "5"]
[White "Meers, Hubert"]
[Black "Rog, Bartlomiej"]
[Result "1/2-1/2"]
[WhiteElo "2079"]
[BlackElo "1965"]
[PlyCount "24"]
[EventDate "2023.08.28"]
[EventType "swiss"]
[EventRounds "11"]
[EventCountry "POL"]
[SourceTitle "EXT 2024"]
[Source "ChessBase"]
[SourceDate "2023.10.10"]
[SourceVersion "1"]
[SourceVersionDate "2023.10.10"]
[SourceQuality "1"]

1. e4 e5 2. Nf3 Nc6 3. Bb5 a6 4. Ba4 d6 5. d4 b5 6. Bb3 Nxd4 7. Nxd4 exd4 8. c3 dxc3 9. Qd5 Be6 10. Qc6+ Bd7 11. Qd5 Be6 12. Qc6+ Bd7 1/2-1/2

[Event "POL-ch Rapid U18"]
[Site "Bydgoszcz"]
[Date "2023.08.29"]
[Round "4"]
[White "Przybylski, Bartosz1111"]
[Black "Meers, Hubert"]
[Result "0-1"]
[WhiteElo "1817"]
[BlackElo "2079"]
[PlyCount "74"]
[EventDate "2023.08.28"]
[EventType "swiss"]
[EventRounds "11"]
[EventCountry "POL"]
[SourceTitle "EXT 2024"]
[Source "ChessBase"]
[SourceDate "2023.10.10"]
[SourceVersion "1"]
[SourceVersionDate "2023.10.10"]
[SourceQuality "1"]

1. e4 c6 2. d4 d5 3. f3 e6 4. Nc3 Bb4 5. a3 Ba5 6. b4 Bc7 7. e5 Ne7 8. f4 Nd7 9. Nf3 a5 10. Rb1 axb4 11. axb4 b6 12. Bd3 c5 13. bxc5 bxc5 14. dxc5 Nxc5 15. Bb5+ Bd7 16. 0-0 Ba5 17. Bxd7+ Qxd7 18. Nb5 0-0 19. Nd6 Bc7 20. Nb5 Rfb8 21. Nxc7 Qxc7 22. Be3 Nf5 23. Bf2 Ne4 24. Qd3 Rxb1 25. Rxb1 Nxf2 26. Kxf2 Qc5+ 27. Ke2 h5 28. Rb5 Qa7 29. Rb4 Rc8 30. g3 Qa1 31. Qd1 Qa2 32. Ne1 Qa7 33. Qd3 Qg1 34. Nf3 Qg2+ 35. Kd1 Qf2 36. Nd2 Ne3+ 37. Kc1 Nxc2 0-1

[Event "Ustron op-A"]
[Site "Ustron"]
[Date "2023.08.19"]
[Round "9"]
[White "Meers, Hubert"]
[Black "Tadic, Stefan"]
[Result "0-1"]
[WhiteElo "2223"]
[BlackElo "2400"]
[PlyCount "54"]
[EventDate "2023.08.11"]
[EventType "swiss"]
[EventRounds "9"]
[EventCountry "POL"]
[SourceTitle "CBM 215 Extra"]
[Source "ChessBase"]
[SourceDate "2023.09.30"]
[SourceVersion "1"]
[SourceVersionDate "2023.09.30"]
[SourceQuality "1"]

1. e4 c5 2. Nf3 Nc6 3. Bb5 e6 4. 0-0 Nge7 5. c3 a6 6. Ba4 c4 7. d4 cxd3 8. Qxd3 Ng6 9. Bxc6 bxc6 10. b3 d5 11. Re1 Be7 12. Ba3 0-0 13. Bxe7 Qxe7 14. Nbd2 a5 15. Rad1 a4 16. Qc2 Bb7 17. c4 Rfd8 18. exd5 cxd5 19. c5 Qf6 20. b4 Bc6 21. a3 e5 22. Qb2 Re8 23. Nb1 d4 24. Nfd2 Nh4 25. f3 Qg6 26. Re2 Nxf3+ 27. Kh1 Nxh2 0-1

[Event "Ustron op-A"]
[Site "Ustron"]
[Date "2023.08.16"]
[Round "6"]
[White "Tymrakiewicz, Rafal"]
[Black "Meers, Hubert"]
[Result "1/2-1/2"]
[WhiteElo "2150"]
[BlackElo "2223"]
[PlyCount "39"]
[EventDate "2023.08.11"]
[EventType "swiss"]
[EventRounds "9"]
[EventCountry "POL"]
[SourceTitle "CBM 215 Extra"]
[Source "ChessBase"]
[SourceDate "2023.09.30"]
[SourceVersion "1"]
[SourceVersionDate "2023.09.30"]
[SourceQuality "1"]

1. Nf3 g6 2. e4 c6 3. d4 d5 4. e5 Bg7 5. h3 f6 6. exf6 exf6 7. c4 Ne7 8. Nc3 0-0 9. Be2 Be6 10. Qb3 Qb6 11. Na4 Qxb3 12. axb3 Nd7 13. 0-0 Rfe8 14. Re1 Bf5 15. Bd2 Bc2 16. Bd1 Bxd1 17. Raxd1 Nb6 18. Nxb6 axb6 19. Ra1 Kf7 20. Bb4 1/2-1/2

[Event "Ustron op-A"]
[Site "Ustron"]
[Date "2023.08.14"]
[Round "5"]
[White "Meers, Hubert"]
[Black "Subelj, Jan"]
[Result "0-1"]
[WhiteElo "2223"]
[BlackElo "2508"]
[PlyCount "66"]
[EventDate "2023.08.11"]
[EventType "swiss"]
[EventRounds "9"]
[EventCountry "POL"]
[SourceTitle "CBM 215 Extra"]
[Source "ChessBase"]
[SourceDate "2023.09.30"]
[SourceVersion "1"]
[SourceVersionDate "2023.09.30"]
[SourceQuality "1"]

1. e4 c6 2. d4 d5 3. exd5 cxd5 4. Bd3 Nc6 5. c3 Nf6 6. Bf4 Bg4 7. Ne2 Bh5 8. Bg3 Qd7 9. 0-0 e6 10. Qe1 Bg6 11. Nf4 Bd6 12. Qe2 0-0-0 13. Nd2 Qc7 14. Nxg6 hxg6 15. Nf3 Bxg3 16. fxg3 Rh5 17. Qe3 Rdh8 18. Qf4 Qb6 19. g4 e5 20. Qg3 R5h7 21. Nxe5 Nxe5 22. Qxe5 Rxh2 23. Qxh2 Rxh2 24. Kxh2 Nxg4+ 25. Kg3 f5 26. Rab1 Qd6+ 27. Kf3 Nh2+ 28. Ke2 Qe7+ 29. Kf2 Ng4+ 30. Kg3 Qe3+ 31. Rf3 Qg5 32. Rbf1 Ne3+ 33. Kf2 Nxf1 0-1

[Event "Ustron op-A"]
[Site "Ustron"]
[Date "2023.08.12"]
[Round "2"]
[White "Yao, Lan"]
[Black "Meers, Hubert"]
[Result "1/2-1/2"]
[WhiteElo "2282"]
[BlackElo "2223"]
[PlyCount "87"]
[EventDate "2023.08.11"]
[EventType "swiss"]
[EventRounds "9"]
[EventCountry "POL"]
[SourceTitle "CBM 215 Extra"]
[Source "ChessBase"]
[SourceDate "2023.09.30"]
[SourceVersion "1"]
[SourceVersionDate "2023.09.30"]
[SourceQuality "1"]

1. e4 c6 2. d4 d5 3. Nd2 dxe4 4. Nxe4 Bf5 5. Ng3 Bg6 6. h4 h6 7. Nf3 Nd7 8. h5 Bh7 9. Bd3 Bxd3 10. Qxd3 e6 11. Bd2 Ngf6 12. 0-0-0 Be7 13. Kb1 0-0 14. Ne4 Nxe4 15. Qxe4 Nf6 16. Qe2 Qd5 17. Be3 Qb5 18. c4 Qf5+ 19. Ka1 c5 20. dxc5 Bxc5 21. Bxc5 Qxc5 22. Ne5 Rfd8 23. g4 Rd4 24. Rxd4 Qxd4 25. Rd1 Qf4 26. a3 a6 27. f3 Rb8 28. Ka2 Nh7 29. c5 Ng5 30. c6 bxc6 31. Nxc6 Re8 32. Qxa6 Nxf3 33. Qb5 e5 34. Nd4 Rf8 35. Nxf3 Qxf3 36. Re1 f6 37. Qd7 Rb8 38. Qe6+ Kh8 39. Rc1 Qb7 40. Rc2 Kh7 41. Rd2 Kh8 42. Rc2 Kh7 43. Rd2 Kh8 44. Rc2 1/2-1/2

[Event "Bydgoszcz op-A"]
[Site "Bydgoszcz"]
[Date "2023.06.29"]
[Round "6"]
[White "Karut, Kacper"]
[Black "Meers, Hubert"]
[Result "1-0"]
[WhiteElo "1954"]
[BlackElo "2071"]
[PlyCount "67"]
[EventDate "2023.06.24"]
[EventType "swiss"]
[EventRounds "9"]
[EventCountry "POL"]
[SourceTitle "CBM 215 Extra"]
[Source "ChessBase"]
[SourceDate "2023.09.30"]
[SourceVersion "1"]
[SourceVersionDate "2023.09.30"]
[SourceQuality "1"]

1. e4 c5 2. Nf3 e6 3. d4 cxd4 4. Nxd4 a6 5. Bd3 Nf6 6. Qe2 Qc7 7. 0-0 Bd6 8. Kh1 Nc6 9. Nxc6 dxc6 10. f4 e5 11. f5 b5 12. a4 Bb7 13. Be3 h5 14. Nd2 Be7 15. c4 bxc4 16. Nxc4 c5 17. Bd2 Nd7 18. Ba5 Qc6 19. Bc3 Bd6 20. Na5 Qc7 21. Rfd1 Nf6 22. Rd2 0-0 23. Rad1 Qb8 24. Nxb7 Qxb7 25. Bc4 Bb8 26. Bd5 Nxd5 27. Rxd5 Qb3 28. a5 c4 29. Qxh5 Bc7 30. f6 gxf6 31. Rf1 Rad8 32. Qg4+ Kh7 33. Rf5 Rxd5 34. Rh5# 1-0

[Event "Bydgoszcz op-A"]
[Site "Bydgoszcz"]
[Date "2023.06.26"]
[Round "3"]
[White "Meers, Hubert"]
[Black "Janeczko, Jakub"]
[Result "0-1"]
[WhiteElo "2071"]
[BlackElo "2202"]
[PlyCount "107"]
[EventDate "2023.06.24"]
[EventType "swiss"]
[EventRounds "9"]
[EventCountry "POL"]
[SourceTitle "CBM 215 Extra"]
[Source "ChessBase"]
[SourceDate "2023.09.30"]
[SourceVersion "1"]
[SourceVersionDate "2023.09.30"]
[SourceQuality "1"]

1. b3 e5 2. Bb2 Nc6 3. e3 d5 4. Bb5 Bd6 5. Nf3 Qe7 6. d4 e4 7. Nfd2 Qg5 8. g3 Nge7 9. c4 a6 10. cxd5 axb5 11. dxc6 f5 12. cxb7 Bxb7 13. Nc3 0-0 14. Nxb5 f4 15. Nxd6 fxe3 16. Nxb7 exf2+ 17. Kf1 e3 18. Ne4 Qf5 19. Nbc5 Qh3+ 20. Ke2 Nd5 21. Kd3 Rae8 22. Kc4 Nb6+ 23. Kd3 Nd5 24. Kc4 Nb6+ 25. Kd3 Nd5 26. Qe2 Qf5 27. Rhf1 Rxe4 28. Nxe4 Re8 29. Kc2 Qxe4+ 30. Kc1 Re6 31. Kd1 Nb4 32. Rc1 Nd3 33. Rc2 Nxb2+ 34. Rxb2 Rc6 35. Rxf2 Qxd4+ 36. Qd2 exd2 37. Rbxd2 Qa1+ 38. Ke2 Re6+ 39. Kf3 Qc3+ 40. Kg2 Qc6+ 41. Rf3 Rf6 42. Rdf2 g5 43. g4 h5 44. h3 h4 45. a4 Kg7 46. Rf1 Qe4 47. R1f2 Rf4 48. Rf1 Kf6 49. R1f2 Ke5 50. Rf1 c5 51. a5 Rxf3 52. Rxf3 Qc2+ 53. Kg1 Ke4 54. Rf5 0-1

[Event "Bydgoszcz op-A"]
[Site "Bydgoszcz"]
[Date "2023.06.24"]
[Round "1"]
[White "Meers, Hubert"]
[Black "Kaczmarek, Aleksander"]
[Result "1/2-1/2"]
[WhiteElo "2071"]
[BlackElo "2313"]
[PlyCount "53"]
[EventDate "2023.06.24"]
[EventType "swiss"]
[EventRounds "9"]
[EventCountry "POL"]
[SourceTitle "CBM 215 Extra"]
[Source "ChessBase"]
[SourceDate "2023.09.30"]
[SourceVersion "1"]
[SourceVersionDate "2023.09.30"]
[SourceQuality "1"]

1. e4 c6 2. Nc3 d5 3. Nf3 dxe4 4. Nxe4 Nf6 5. Qe2 Nxe4 6. Qxe4 Qd5 7. Qh4 Qe6+ 8. Be2 Qg4 9. Qg3 Qxg3 10. hxg3 Bf5 11. b3 a5 12. Bb2 a4 13. 0-0-0 Na6 14. Rh4 axb3 15. axb3 f6 16. g4 Bg6 17. g5 Nc7 18. d4 e6 19. gxf6 gxf6 20. Bd3 Bxd3 21. Rxd3 Be7 22. Rd1 Kf7 23. Rdh1 Kg7 24. Rg4+ Kf7 25. Rgh4 Kg7 26. Rg4+ Kf7 27. Rgh4 1/2-1/2

[Event "Malopolska-ch"]
[Site "Krakow"]
[Date "2023.06.08"]
[Round "1"]
[White "Meers, Hubert"]
[Black "Barski, Radoslaw"]
[Result "1-0"]
[WhiteElo "2071"]
[BlackElo "2427"]
[PlyCount "93"]
[EventDate "2023.06.08"]
[EventType "swiss"]
[EventRounds "7"]
[EventCountry "POL"]
[SourceTitle "CBM 214 Extra"]
[Source "ChessBase"]
[SourceDate "2023.07.31"]
[SourceVersion "1"]
[SourceVersionDate "2023.07.31"]
[SourceQuality "1"]

1. e4 e5 2. Nc3 Nf6 3. Bc4 Nxe4 4. Qh5 Nd6 5. Bb3 Be7 6. Nf3 Nc6 7. Nxe5 g6 8. Nxc6 dxc6 9. Qf3 0-0 10. Ne4 Nxe4 11. Qxe4 Bd6 12. 0-0 Bf5 13. Qf3 Qh4 14. g3 Qh3 15. d3 Bg4 16. Qg2 Qh5 17. Re1 Bh3 18. Qh1 Rfe8 19. Be3 Qf5 20. Bd4 h5 21. Re4 b5 22. Rae1 Rf8 23. Be5 Bxe5 24. Rxe5 Qf6 25. Qe4 Rad8 26. Qe3 Rd6 27. f4 a5 28. a4 bxa4 29. Bxa4 Be6 30. Qa7 h4 31. Qxc7 Rd4 32. Qxa5 hxg3 33. hxg3 Bd5 34. Re8 Rxe8 35. Rxe8+ Kg7 36. Qc3 Bf3 37. Kf2 Bd5 38. Ke3 c5 39. Qxc5 Rxa4 40. Qxd5 Qb6+ 41. Ke2 Ra7 42. Qe5+ f6 43. Qe6 Qxb2 44. Rg8+ Kh7 45. Rc8 f5 46. Qg8+ Kh6 47. Qh8+ 1-0

[Event "Malopolska-ch"]
[Site "Krakow"]
[Date "2023.06.08"]
[Round "2"]
[White "Orzech, Dominik"]
[Black "Meers, Hubert"]
[Result "1/2-1/2"]
[WhiteElo "2291"]
[BlackElo "2071"]
[PlyCount "60"]
[EventDate "2023.06.08"]
[EventType "swiss"]
[EventRounds "7"]
[EventCountry "POL"]
[SourceTitle "CBM 214 Extra"]
[Source "ChessBase"]
[SourceDate "2023.07.31"]
[SourceVersion "1"]
[SourceVersionDate "2023.07.31"]
[SourceQuality "1"]

1. Nf3 Nf6 2. c4 e6 3. Nc3 d5 4. d4 Be7 5. cxd5 exd5 6. Bg5 c6 7. e3 Bf5 8. Nh4 Bg4 9. Qc2 h6 10. Bf4 Ne4 11. Nf3 Bxf3 12. gxf3 Nxc3 13. bxc3 Bd6 14. Bg3 0-0 15. Bd3 Qf6 16. Rb1 b6 17. Bf5 c5 18. 0-0 Nc6 19. Kg2 Ne7 20. Bd3 Rac8 21. Qa4 Rc7 22. Rbd1 cxd4 23. cxd4 Ng6 24. Qb5 Nh4+ 25. Bxh4 Qxh4 26. h3 Qg5+ 27. Kh1 Qh5 28. Kg2 Qg5+ 29. Kh1 Qh5 30. Kg2 Qg5+ 1/2-1/2

[Event "Krakow op-A 33rd"]
[Site "Krakow"]
[Date "2023.01.03"]
[Round "8"]
[White "Meers, Hubert"]
[Black "Vojtek, Vladimir"]
[Result "1/2-1/2"]
[WhiteElo "2206"]
[BlackElo "2260"]
[PlyCount "104"]
[EventDate "2022.12.27"]
[EventType "swiss"]
[EventRounds "9"]
[EventCountry "POL"]
[SourceTitle "CBM 212 Extra"]
[Source "ChessBase"]
[SourceDate "2023.03.31"]
[SourceVersion "1"]
[SourceVersionDate "2023.03.31"]
[SourceQuality "1"]

1. e4 d5 2. exd5 Qxd5 3. Nc3 Qa5 4. d4 Nf6 5. Bc4 Nc6 6. Bd2 Nxd4 7. Nb5 Qb6 8. Be3 e5 9. Ne2 Qc6 10. Qd3 Bb4+ 11. c3 Nc2+ 12. Qxc2 Qxc4 13. Nxc7+ Qxc7 14. Qa4+ Bd7 15. Qxb4 Nd5 16. Qc5 Bc6 17. Rd1 Nxe3 18. fxe3 Qe7 19. Qxe7+ Kxe7 20. 0-0 Rad8 21. c4 a5 22. Nc3 Ke6 23. e4 Rd4 24. Rxd4 exd4 25. Nd5 Rf8 26. Re1 Ke5 27. Kf2 g5 28. Ke2 b5 29. b3 bxc4 30. bxc4 Rb8 31. Kd3 Rb2 32. Rf1 Rxa2 33. Rf5+ Kd6 34. Rxg5 Bd7 35. Kxd4 Rd2+ 36. Kc3 Re2 37. Kd3 Rb2 38. Nb6 Be6 39. Rxa5 Rxg2 40. Rh5 Rf2 41. Rxh7 Kc5 42. Nd5 Rf3+ 43. Ke2 Rb3 44. Rh4 Kxc4 45. Ne3+ Kd4 46. Nc2+ Ke5 47. Ne1 Bc4+ 48. Kf2 Rb2+ 49. Kg3 Be2 50. Rh7 Bc4 51. Rxf7 Bxf7 52. Nd3+ Kxe4 1/2-1/2

[Event "POL-ch U16"]
[Site "Jastrzebia Gora"]
[Date "2023.??.??"]
[Round "8"]
[White "Meers, Hubert"]
[Black "Raczek, Krzysztof"]
[Result "1/2-1/2"]
[WhiteElo "2150"]
[BlackElo "2186"]
[PlyCount "80"]
[EventDate "2023.03.11"]
[EventType "swiss"]
[EventRounds "9"]
[EventCountry "POL"]
[SourceTitle "CBM 213 Extra"]
[Source "ChessBase"]
[SourceDate "2023.05.31"]
[SourceVersion "1"]
[SourceVersionDate "2023.05.31"]
[SourceQuality "1"]

1. e4 c5 2. Nf3 Nc6 3. d4 cxd4 4. Nxd4 Nf6 5. Nc3 d6 6. Bg5 Bd7 7. Qd2 Rc8 8. 0-0-0 Nxd4 9. Qxd4 Qa5 10. Bd2 a6 11. Kb1 Qc5 12. Qxc5 Rxc5 13. Be3 Rc8 14. Be2 Bc6 15. f3 g6 16. h4 h5 17. g3 Bg7 18. Bg5 0-0 19. Bxf6 Bxf6 20. Nd5 Bxd5 21. Rxd5 Rc6 22. f4 Rb6 23. b3 Rc8 24. g4 Rbc6 25. c4 e6 26. Rd2 hxg4 27. Bxg4 b5 28. Be2 bxc4 29. Bxc4 a5 30. h5 gxh5 31. Rxh5 a4 32. f5 axb3 33. axb3 Rc5 34. Rg2+ Kf8 35. Rh6 d5 36. fxe6 dxc4 37. Rxf6 Ke7 38. Rxf7+ Kxe6 39. Rf3 cxb3 40. Rxb3 Ke5 1/2-1/2

[Event "POL-ch U16"]
[Site "Jastrzebia Gora"]
[Date "2023.??.??"]
[Round "7"]
[White "Rog, Bartlomiej"]
[Black "Meers, Hubert"]
[Result "1/2-1/2"]
[WhiteElo "2127"]
[BlackElo "2150"]
[PlyCount "65"]
[EventDate "2023.03.11"]
[EventType "swiss"]
[EventRounds "9"]
[EventCountry "POL"]
[SourceTitle "CBM 213 Extra"]
[Source "ChessBase"]
[SourceDate "2023.05.31"]
[SourceVersion "1"]
[SourceVersionDate "2023.05.31"]
[SourceQuality "1"]

1. Nf3 d5 2. c4 e6 3. g3 Nf6 4. Bg2 Be7 5. 0-0 0-0 6. b3 c6 7. d4 Nbd7 8. Qc2 Re8 9. Bb2 b6 10. Nbd2 Bb7 11. e4 Nxe4 12. Nxe4 dxe4 13. Qxe4 Nf6 14. Qe2 Qc7 15. Rfd1 Rad8 16. Rd3 c5 17. dxc5 Bxc5 18. Bxf6 gxf6 19. Rad1 Bc6 20. Nh4 Bxg2 21. Nxg2 Be7 22. Nf4 f5 23. Nxe6 fxe6 24. Qxe6+ Kg7 25. Rd7 Rxd7 26. Rxd7 Qc5 27. h4 f4 28. Qg4+ Kh8 29. Qxf4 Rf8 30. Qd2 a5 31. Qe2 Bf6 32. Rd5 Qc7 33. Rf5 1/2-1/2

[Event "Malopolska-ch"]
[Site "Krakow"]
[Date "2022.06.17"]
[Round "4"]
[White "Meers, Hubert"]
[Black "Kyc, Jerzy"]
[Result "1/2-1/2"]
[WhiteElo "2015"]
[BlackElo "2213"]
[PlyCount "96"]
[EventDate "2022.06.16"]
[EventType "swiss"]
[EventRounds "7"]
[EventCountry "POL"]
[SourceTitle "CBM 208 Extra"]
[Source "ChessBase"]
[SourceDate "2022.07.31"]
[SourceVersion "1"]
[SourceVersionDate "2022.07.31"]
[SourceQuality "1"]

1. e4 c5 2. Nf3 d6 3. d4 cxd4 4. Nxd4 Nf6 5. Nc3 a6 6. Be2 e5 7. Nb3 Be7 8. Bg5 Nbd7 9. a4 0-0 10. 0-0 b6 11. Bc4 Bb7 12. Qe2 Qc7 13. Nd2 Nc5 14. Bxf6 Bxf6 15. Bd5 Rac8 16. Nc4 Nxe4 17. Nxe4 Bxd5 18. Ncxd6 Bxe4 19. Nxe4 Be7 20. Nc3 Qc4 21. Qxe5 Bf6 22. Qg3 Bxc3 23. bxc3 Qxc3 24. Qxc3 Rxc3 25. Rfb1 Rc6 26. Rb2 Re8 27. Rab1 Ree6 28. Kf1 Kf8 29. Rd1 Ke7 30. Rd4 Rcd6 31. Rxd6 Rxd6 32. Ke2 Kd7 33. Rb4 Kc6 34. Rc4+ Kb7 35. Rf4 f6 36. Re4 Kc6 37. Rc4+ Kb7 38. Re4 Rd7 39. Ke3 f5 40. Re6 a5 41. c3 g6 42. Ke2 Kc7 43. f3 Kb7 44. h4 Kc7 45. g3 Rd6 46. Re7+ Rd7 47. Re6 Rd6 48. Re7+ Rd7 1/2-1/2